000
00292nam a22001337a 4500
008
170627b xxu||||| |||| 00| 0 eng d
020
_a
0394736192
041
_a
eng
080
_a
811
100
_a
21
101
_a
GJL
245
_a
LANGUAGE AND RESPONSBILITY
_c
CHOMSKY,N
942
_2
udc
_c
BK
999
_c
19211
_d
19211